|
|
|
|
| LEADER |
00000cam a2200000 i 4500 |
| 001 |
1/29484 |
| 008 |
021119s1997 gre d |
| 020 |
|
|
|a 960-7151-77-1
|
| 035 |
|
|
|l 10068808
|
| 040 |
|
|
|a GR-MY-UA
|b gre
|e aacr
|
| 041 |
0 |
|
|a gre
|
| 082 |
0 |
|
|a 320.011
|
| 100 |
1 |
|
|a Σιμόπουλος, Κυριάκος,
|d 1921-2001.
|
| 245 |
1 |
2 |
|a Η διαφθορά της εξουσίας /
|c Κυριάκος Σιμόπουλος
|
| 250 |
|
|
|a 3η έκδ.
|
| 260 |
|
|
|a Αθήνα :
|b Στάχυ,
|c 1997
|
| 300 |
|
|
|a 678 σ.
|
| 500 |
|
|
|a Εκφαυλισμός της πολιτικής και εξαχρείωση των πολιτικών. Ευνοιοκρατία, αναξιοκρατία, κλεπτοκρατία. Εκχυδαϊσμός των θεσμών και καταρράκωση του πολίτη. Μια ιστορική αναδρομή. Ο ανθρωποφαγικός "νεοφιλελευθερισμός" αποσαθρώνει τις δυτικές κοινωνίες. Χρεωκοπημένο το ανήθικο σύστημα. Ο μύθος της "λαϊκής κυριαρχίας" και η λυτρωτική άμεση Δημοκρατία
|
| 650 |
0 |
0 |
|a Political corruption.
|
| 852 |
|
|
|a INST
|b RHODES
|e 20021119
|h 320.011 ΣΙΜ
|p 005400015944
|q 005400015944
|t BK
|y 0
|
| 901 |
|
|
|a BIBL4-2002-3
|
| 909 |
|
|
|a Ρ
|b 101405
|
| 970 |
|
|
|a ΚΟΥΛΑΚΙΟΤΗ
|b ΛΙΤΣΑ
|z 2002/11/19
|